| 000 | 00427nam a22001577a 4500 | ||
|---|---|---|---|
| 003 | NUST - PNEC | ||
| 005 | 20170116180951.0 | ||
| 008 | 150908b xxu||||| |||| 00| 0 eng d | ||
| 040 | _cLIBRARY | ||
| 082 | _a620 RIF | ||
| 100 |
_99165 _aAl-Rifaie, Wail N. |
||
| 245 |
_aFinite element method for structural engineers _cWail N. Al-Rifaie |
||
| 260 | _cc.1991 | ||
| 650 |
_99160 _bMechanical engineering _xME |
||
| 942 |
_2ddc _cBK |
||
| 999 |
_c66433 _d66433 |
||